Computational non-commutative geometry program for disordered topological insulators (Record no. 1211394)

MARC details
000 -LEADER
fixed length control field 00996nam a2200301Ia 4500
003 - CONTROL NUMBER IDENTIFIER
control field OSt
005 - DATE AND TIME OF LATEST TRANSACTION
control field 20221007123117.0
008 - FIXED-LENGTH DATA ELEMENTS--GENERAL INFORMATION
fixed length control field 221006b |||||||| |||| 00| 0 eng d
020 ## - INTERNATIONAL STANDARD BOOK NUMBER
International Standard Book Number 9783319550220 (pbk)
037 ## - SOURCE OF ACQUISITION
Terms of availability Textual
040 ## - CATALOGING SOURCE
Original cataloging agency PAPL
Transcribing agency PAPL
Language of cataloging eng
041 ## - LANGUAGE CODE
Source of code eng
Language code of text/sound track or separate title eng
100 ## - MAIN ENTRY--PERSONAL NAME
Personal name Prodan Emil
9 (RLIN) 716513
245 #0 - TITLE STATEMENT
Title Computational non-commutative geometry program for disordered topological insulators
260 ## - PUBLICATION, DISTRIBUTION, ETC.
Place of publication, distribution, etc. Switzerland
Name of publisher, distributor, etc. Springer
Date of publication, distribution, etc. 2017
300 ## - PHYSICAL DESCRIPTION
Extent x, 118p. ill.
Dimensions cm.
490 ## - SERIES STATEMENT
Series statement Springer briefs in mathematics physics 23
500 ## - GENERAL NOTE
General note Include references
650 ## - SUBJECT ADDED ENTRY--TOPICAL TERM
Topical term or geographic name entry element Electron dynamics
9 (RLIN) 716514
650 ## - SUBJECT ADDED ENTRY--TOPICAL TERM
Topical term or geographic name entry element Non commutative brillouin torus
9 (RLIN) 716515
650 ## - SUBJECT ADDED ENTRY--TOPICAL TERM
Topical term or geographic name entry element Physics
942 ## - ADDED ENTRY ELEMENTS (KOHA)
Classification part B316-6, Q7 Carpa
Koha item type Textual
Source of classification or shelving scheme Colon Classification (CC)
Holdings
Withdrawn status Lost status Source of classification or shelving scheme Damaged status Not for loan Home library Current library Date acquired Source of acquisition Total Checkouts Full call number Barcode Date last seen Price effective from Koha item type
    Colon Classification (CC)     Department of Physics and Astrophysics Library Department of Physics and Astrophysics Library 2022-10-07 3823, 13/02/2019, The Book Seller   B316-6 Q7 Carpa PA0007504 2022-10-07 2022-10-07 Textual
Copyright @ Delhi University Library System